|
|
|
|
| LEADER |
00000nam0a2200000 4500 |
| 001 |
368124 |
| 005 |
20231102012043.0 |
| 035 |
|
|
|a (RuTPU)RU\TPU\retro\25487
|
| 035 |
|
|
|a RU\TPU\book\93133
|
| 090 |
|
|
|a 368124
|
| 100 |
|
|
|a 20220331d1964 k y0rusy50 ca
|
| 101 |
0 |
|
|a rus
|
| 102 |
|
|
|a RU
|
| 105 |
|
|
|a a z 001zy
|
| 200 |
1 |
|
|a Таласо-Ферганский сдвиг (Тянь-Шань)
|f В. С. Буртман
|g Российская академия наук, Геологический институт (ГИН РАН)
|
| 210 |
|
|
|a Москва
|c Наука
|d 1964
|
| 215 |
|
|
|a 143 с.
|c ил.
|
| 225 |
1 |
|
|a Труды геологического института (ГИН)
|v Вып. 104
|
| 320 |
|
|
|a Литература: с. 137-141.
|
| 330 |
|
|
|a В предлагаемой работе описаны соотношения Таласо-Ферганскогс разлома с варисскими образованиями Тянь-Шаня и рассмотрен характер движений по этому разлому.
|
| 606 |
1 |
|
|a Геология структурная
|2 stltpush
|3 (RuTPU)RU\TPU\subj\6122
|9 34080
|
| 606 |
1 |
|
|a Сдвиги
|2 stltpush
|3 (RuTPU)RU\TPU\subj\54319
|9 72476
|
| 610 |
1 |
|
|a геология
|
| 610 |
1 |
|
|a тектоника
|
| 610 |
1 |
|
|a геотектония
|
| 610 |
1 |
|
|a геодинамика
|
| 610 |
1 |
|
|a Азия
|
| 610 |
1 |
|
|a Тянь-Шань
|
| 610 |
1 |
|
|a Таласо-Ферганский разлом
|
| 610 |
1 |
|
|a литология
|
| 610 |
1 |
|
|a интрузии
|
| 675 |
|
|
|a 551.243
|v 3
|
| 675 |
|
|
|a 551.243.6
|v 3
|
| 700 |
|
1 |
|a Буртман
|b В. С.
|g Валентин Семенович
|
| 712 |
0 |
2 |
|a Российская академия наук
|b Геологический институт (ГИН РАН)
|c (Москва)
|2 stltpush
|3 (RuTPU)RU\TPU\col\165
|
| 801 |
|
1 |
|a RU
|b 63413507
|c 20051129
|g PSBO
|
| 801 |
|
2 |
|a RU
|b 63413507
|c 20220331
|g PSBO
|
| 942 |
|
|
|c BK
|